01388nam a2200253 i 45000010005000000030009000050050017000140080039000310400021000700800015000910800017001061000147001232450089002702500015003592600076003743000019004505000021004695200415004906500016009057000148009219420012010699990015010819520038010964965KOSZ 00520171127122021.0140613s1991 pl a f f |000 0  cBPKdKOSZ 005/EG a621.51/.54 a681.5(075.8)1 aMILANOWSKI, Jerzy.d1974 - 1993.bWyższa Szkoła Inżynierska w Koszalinie - Wydział Mechaniczny,cZakład Maszyn Przemysłu Spożywczego10aPneumatyczne układy sterowniczo-napędowe /cJerzy Milanowski, Tomasz Kiczkowiak.  aWyd. 2 zm. aKoszalin :bWydaw. Uczelniane Wyższej Szkoły Inżynierskiej,c1991. a298 s. :brys. aDane z autopsji. aCelem skryptu jest udostępnienie studentom systematycznie opracowanego materiału dotyczącego napędu i sterowania pneumatycznego. Zakres skryptu jest określony tak, by mogli z niego korzystać zarówno studenci zaocznych studiów inżynierskich, studenci dziennych studiów magisterskich jak też słuchacze studiów podyplomowych specjalizujący się w automatyzacji procesów produkcyjnych. aPneumatyka.1 aKICZKOWIAK, Tomasz.d1978 - 1996.bWyższa Szkoła Inżynierska w Koszalinie - Wydział Mechaniczny,cZakład Maszyn Przemysłu Spożywczego cKS2UKD c4965d4965 00104070aBPKbBPKoP 41204yKS